[Event "Recco op-B 4th"]
[Site "Recco"]
[Date "2010.11.27"]
[Round "3"]
[White "Gandolfi, Gianfranco"]
[Black "Pieri, Enzo"]
[Result "0-1"]
[WhiteElo "1848"]
[BlackElo "1740"]
[PlyCount "70"]
[EventDate "2010.11.26"]
[EventType "swiss"]
[EventRounds "5"]
[EventCountry "ITA"]
[SourceTitle "EXT 2023"]
[Source "ChessBase"]
[SourceDate "2022.10.05"]
[SourceVersion "1"]
[SourceVersionDate "2022.10.05"]
[SourceQuality "1"]

1. e4 c6 2. d4 d5 3. exd5 Qxd5 4. Nc3 Qd8 5. h3 Nf6 6. Nf3 g6 7. Be3 Bg7 8. Qd2 0-0 9. Bh6 Nbd7 10. Bxg7 Kxg7 11. Be2 Qc7 12. 0-0 b6 13. Ng5 Bb7 14. Bf3 Rad8 15. Qe3 e5 16. Nge4 Nd5 17. Nxd5 cxd5 18. Nc3 e4 19. Bd1 a6 20. Ne2 f5 21. Qf4 Qc6 22. c3 Nf6 23. Ng3 Rde8 24. Bc2 h6 25. Rae1 Bc8 26. Qd2 Qc7 27. Ne2 g5 28. Ng3 f4 29. Nh1 Bf5 30. Qc1 Qd7 31. Kh2 f3 32. g4 Bxg4 33. hxg4 Qxg4 34. Ng3 Qh4+ 35. Kg1 Qh3 0-1

[Event "Recco op-B 4th"]
[Site "Recco"]
[Date "2010.11.26"]
[Round "1"]
[White "Gandolfi, Gianfranco"]
[Black "Buselli, Claudio"]
[Result "1-0"]
[WhiteElo "1848"]
[BlackElo "1677"]
[PlyCount "51"]
[EventDate "2010.11.26"]
[EventType "swiss"]
[EventRounds "5"]
[EventCountry "ITA"]
[SourceTitle "EXT 2023"]
[Source "ChessBase"]
[SourceDate "2022.10.05"]
[SourceVersion "1"]
[SourceVersionDate "2022.10.05"]
[SourceQuality "1"]

1. e4 e6 2. d4 d5 3. Nc3 Nf6 4. Bg5 Be7 5. e5 Nfd7 6. Bxe7 Qxe7 7. f4 0-0 8. Nf3 a6 9. Bd3 h6 10. f5 f6 11. fxe6 Qxe6 12. Qe2 c5 13. Nxd5 Nb6 14. Nc7 Qe7 15. Nxa8 Nxa8 16. Nh4 Qd8 17. Ng6 Re8 18. 0-0-0 cxd4 19. Qh5 Qd5 20. Nf4 Qxe5 21. Bc4+ Kh7 22. Qg6+ Kh8 23. Qg3 Qe3+ 24. Qxe3 dxe3 25. Rhe1 b5 26. Bf7 1-0

[Event "EU-ch 11th"]
[Site "Rijeka"]
[Date "2010.03.16"]
[Round "10"]
[White "Gandolfi, Gianfranco"]
[Black "Rafaelic, Denis"]
[Result "0-1"]
[WhiteElo "1780"]
[BlackElo "1714"]
[PlyCount "98"]
[EventDate "2010.03.06"]
[EventType "swiss"]
[EventRounds "11"]
[EventCountry "CRO"]
[SourceTitle "CBM 136"]
[Source "ChessBase"]
[SourceDate "2010.05.18"]
[SourceVersion "1"]
[SourceVersionDate "2010.05.18"]
[SourceQuality "1"]

1. e4 c5 2. Nf3 d6 3. d4 cxd4 4. Nxd4 Nf6 5. Nc3 a6 6. Bg5 e6 7. f4 Be7 8. Qf3 Qc7 9. 0-0-0 Nc6 10. Nb3 0-0 11. g4 Bd7 12. Bxf6 Bxf6 13. g5 Bxc3 14. Qxc3 Rac8 15. Bd3 Ne7 16. Qxc7 Rxc7 17. Rhf1 Rfc8 18. Nd4 Nc6 19. Nxc6 Bxc6 20. Kb1 d5 21. exd5 Bxd5 22. c3 b5 23. Rf2 g6 24. Rfd2 Kg7 25. Bc2 a5 26. Rd4 b4 27. R1d3 bxc3 28. Rxc3 Rxc3 29. bxc3 Rxc3 30. Kb2 Rh3 31. Rd2 Rf3 32. Rd4 Rf2 33. Ra4 Rxh2 34. Rxa5 Be4 35. Rc5 Rf2 36. Rc4 Bxc2 37. Rxc2 Rxf4 38. Kb3 Rf5 39. Rg2 Kf8 40. a4 Ke7 41. Kb4 Kd6 42. a5 Kc6 43. Rg3 Rf4+ 44. Kb3 Kb5 45. Rh3 Kxa5 46. Rxh7 Rf5 47. Kc4 Kb6 48. Kd4 Kc6 49. Ke4 Kd6 0-1

[Event "EU-ch 11th"]
[Site "Rijeka"]
[Date "2010.03.06"]
[Round "1"]
[White "Gandolfi, Gianfranco"]
[Black "Stern, Rene"]
[Result "0-1"]
[WhiteElo "1780"]
[BlackElo "2501"]
[PlyCount "66"]
[EventDate "2010.03.06"]
[EventType "swiss"]
[EventRounds "11"]
[EventCountry "CRO"]
[SourceTitle "CBM 136"]
[Source "ChessBase"]
[SourceDate "2010.05.18"]
[SourceVersion "1"]
[SourceVersionDate "2010.05.18"]
[SourceQuality "1"]

1. e4 e5 2. Nf3 Nc6 3. Bc4 Bc5 4. c3 Nf6 5. d4 exd4 6. cxd4 Bb4+ 7. Nc3 Nxe4 8. 0-0 Nxc3 9. bxc3 d5 10. Bb5 Be7 11. Ne5 Bd7 12. Nxd7 Qxd7 13. Qh5 0-0 14. Re1 Rfe8 15. Bd2 g6 16. Qf3 a6 17. Ba4 Rad8 18. Bf4 b5 19. Bc2 Na5 20. Qg3 Bd6 21. h4 Bxf4 22. Qxf4 Nc4 23. h5 Qc6 24. g4 Rd6 25. Rxe8+ Qxe8 26. Kf1 c6 27. Re1 Re6 28. Rxe6 Qxe6 29. Qb8+ Kg7 30. h6+ Kxh6 31. Qf8+ Kg5 32. f4+ Kxf4 33. Qh6+ Kg3 0-1

[Event "London Classic op"]
[Site "London"]
[Date "2009.12.13"]
[Round "7"]
[White "Gandolfi, Gianfranco"]
[Black "McKerracher, Douglas"]
[Result "0-1"]
[WhiteElo "1830"]
[BlackElo "1957"]
[PlyCount "96"]
[EventDate "2009.12.08"]
[EventType "swiss"]
[EventRounds "9"]
[EventCountry "ENG"]
[SourceTitle "CBM 133 Extra"]
[Source "ChessBase"]
[SourceDate "2010.01.05"]
[SourceVersion "1"]
[SourceVersionDate "2010.01.05"]
[SourceQuality "1"]

1. e4 d5 2. exd5 Qxd5 3. Nc3 Qa5 4. d4 Nf6 5. Bd2 c6 6. Bd3 Bg4 7. Nge2 e6 8. f3 Bh5 9. a3 Qd8 10. 0-0 Be7 11. Ne4 0-0 12. Nxf6+ Bxf6 13. Bc3 Nd7 14. Ng3 Bg6 15. Bxg6 hxg6 16. Ne4 Be7 17. Qe2 Nb6 18. Rfd1 Na4 19. Bb4 Bxb4 20. axb4 Nxb2 21. Rdb1 Qxd4+ 22. Kh1 f5 23. Ng5 Rfe8 24. c3 Qh4 25. Nxe6 Qf6 26. Re1 a6 27. f4 Re7 28. Qxb2 Rxe6 29. Qb3 Rae8 30. Re5 Kf8 31. Rxe6 Qxe6 32. Qd1 Qe3 33. Qd6+ Kf7 34. h3 Qxc3 35. Rd1 Re1+ 36. Rxe1 Qxe1+ 37. Kh2 Qe7 38. Qd4 Kg8 39. Qd2 Qc7 40. Qe3 Qd6 41. Qg3 Qxb4 42. Qxg6 Qxf4+ 43. Kh1 Qe4 44. Qd6 b5 45. Qd8+ Kh7 46. Qa8 b4 47. Qxa6 b3 48. Qa1 c5 0-1

[Event "London Classic op"]
[Site "London"]
[Date "2009.12.11"]
[Round "5"]
[White "Milnes, Anthony CP"]
[Black "Gandolfi, Gianfranco"]
[Result "1-0"]
[WhiteElo "2064"]
[BlackElo "1830"]
[PlyCount "77"]
[EventDate "2009.12.08"]
[EventType "swiss"]
[EventRounds "9"]
[EventCountry "ENG"]
[SourceTitle "CBM 133 Extra"]
[Source "ChessBase"]
[SourceDate "2010.01.05"]
[SourceVersion "1"]
[SourceVersionDate "2010.01.05"]
[SourceQuality "1"]

1. f4 Nf6 2. Nf3 d6 3. d3 c5 4. e4 Nc6 5. Be2 Bg4 6. 0-0 e6 7. c3 Be7 8. Be3 c4 9. h3 Bxf3 10. Bxf3 cxd3 11. Qxd3 Qc7 12. Nd2 0-0 13. Rae1 Rad8 14. g4 Nd7 15. Nb3 Nc5 16. Qe2 Nxb3 17. axb3 a6 18. Qf2 Qb8 19. Bd1 e5 20. f5 d5 21. exd5 Rxd5 22. b4 Qd8 23. Bb3 Bh4 24. Qg2 Rd7 25. Rd1 h6 26. Qe4 Rxd1 27. Rxd1 Qc7 28. f6 Bxf6 29. Bc2 g6 30. Bxh6 Rd8 31. Rxd8+ Qxd8 32. Bb3 Ne7 33. Qf3 Qb6+ 34. Be3 Qc6 35. Qf2 g5 36. h4 gxh4 37. g5 Bg7 38. Qxf7+ Kh8 39. Qh5+ 1-0

[Event "London Classic op"]
[Site "London"]
[Date "2009.12.08"]
[Round "1"]
[White "Gandolfi, Gianfranco"]
[Black "Anderton, Matthew"]
[Result "0-1"]
[WhiteElo "1830"]
[BlackElo "2232"]
[PlyCount "54"]
[EventDate "2009.12.08"]
[EventType "swiss"]
[EventRounds "9"]
[EventCountry "ENG"]
[SourceTitle "CBM 133 Extra"]
[Source "ChessBase"]
[SourceDate "2010.01.05"]
[SourceVersion "1"]
[SourceVersionDate "2010.01.05"]
[SourceQuality "1"]

1. e4 e6 2. d4 d5 3. Nc3 Bb4 4. e5 c5 5. Bd2 Ne7 6. Nb5 Bxd2+ 7. Qxd2 0-0 8. dxc5 Nbc6 9. f4 f6 10. exf6 Rxf6 11. 0-0-0 b6 12. cxb6 Qxb6 13. Nf3 Rb8 14. c3 a6 15. Nbd4 Nxd4 16. Nxd4 Rxf4 17. g3 Rf6 18. Bg2 e5 19. Rde1 Qd6 20. Nb3 Be6 21. Rhf1 Rxf1 22. Rxf1 Nc6 23. Rd1 Rd8 24. Qg5 Rf8 25. Bxd5 Bxd5 26. c4 Nb4 27. cxd5 Qc7+ 0-1

[Event "Arco op 31st"]
[Site "Arco"]
[Date "2009.10.21"]
[Round "6"]
[White "Mazza, Maurizio"]
[Black "Gandolfi, Gianfranco"]
[Result "0-1"]
[WhiteElo "1677"]
[BlackElo "1861"]
[PlyCount "62"]
[EventDate "2009.10.17"]
[EventType "swiss"]
[EventRounds "9"]
[EventCountry "ITA"]
[SourceTitle "EXT 2010"]
[Source "ChessBase"]
[SourceDate "2010.11.25"]
[SourceVersion "1"]
[SourceVersionDate "2010.11.25"]
[SourceQuality "1"]

1. e4 e5 2. Nf3 Nc6 3. d4 exd4 4. Nxd4 Qh4 5. Nc3 Bb4 6. Qd3 Nf6 7. Bd2 Bxc3 8. Bxc3 Qxe4+ 9. Be2 Qxd3 10. Bxd3 Nxd4 11. Bxd4 d6 12. 0-0 Be6 13. Rfe1 0-0-0 14. c4 c5 15. Be3 Ng4 16. Bf4 Ne5 17. Bf1 Nc6 18. b3 h6 19. h3 Rhe8 20. Rad1 Nd4 21. Rd2 g5 22. Bh2 f5 23. Bd3 f4 24. Bg6 Bf7 25. Rxe8 Rxe8 26. Bd3 Re1+ 27. Bf1 f3 28. Rxd4 cxd4 29. Bxd6 d3 30. Bb4 Rd1 31. gxf3 d2 0-1

[Event "Senigallia Perini Memorial 3rd"]
[Site "Senigallia"]
[Date "2009.08.05"]
[Round "5"]
[White "Gandolfi, Gianfranco"]
[Black "Rovedi, Mauro"]
[Result "0-1"]
[WhiteElo "1880"]
[BlackElo "2033"]
[PlyCount "58"]
[EventDate "2009.08.01"]
[EventType "swiss"]
[EventRounds "9"]
[EventCountry "ITA"]
[SourceTitle "EXT 2010"]
[Source "ChessBase"]
[SourceDate "2010.11.25"]
[SourceVersion "1"]
[SourceVersionDate "2010.11.25"]
[SourceQuality "1"]

1. e4 d6 2. d4 g6 3. Bc4 c6 4. a4 Nf6 5. Nc3 Bg7 6. Bb3 0-0 7. h3 Nbd7 8. Nf3 e5 9. dxe5 dxe5 10. Be3 Qe7 11. Bc4 Qb4 12. Qd3 Nc5 13. Bxc5 Qxc5 14. 0-0 Nh5 15. Ne2 Nf4 16. Nxf4 exf4 17. Qb3 g5 18. e5 g4 19. Ng5 Qe7 20. Ne4 gxh3 21. gxh3 Bxe5 22. Qf3 Kh8 23. Kh2 Rg8 24. c3 Qh4 25. Rg1 Bf5 26. Bd3 Rad8 27. Rxg8+ Rxg8 28. Nd6 Be6 29. Nxb7 Bg4 0-1

[Event "Recco op 2nd"]
[Site "Recco"]
[Date "2008.11.30"]
[Round "5"]
[White "Gandolfi, Gianfranco"]
[Black "Bozzo, Alberto"]
[Result "0-1"]
[WhiteElo "1837"]
[BlackElo "1686"]
[PlyCount "52"]
[EventDate "2008.11.28"]
[EventType "swiss"]
[EventRounds "5"]
[EventCountry "ITA"]
[SourceTitle "EXT 2011"]
[Source "ChessBase"]
[SourceDate "2010.11.26"]
[SourceVersion "1"]
[SourceVersionDate "2010.11.26"]
[SourceQuality "1"]

1. e4 d6 2. d4 Nf6 3. Nc3 g6 4. Bc4 Bg7 5. f3 Nbd7 6. Nge2 c5 7. dxc5 Nxc5 8. Be3 Bd7 9. Qd2 Rc8 10. 0-0 0-0 11. Bb5 Bxb5 12. Nxb5 a6 13. Nbd4 Qb6 14. c3 Qc7 15. Bh6 Rfd8 16. Bxg7 Kxg7 17. Kh1 d5 18. exd5 Rxd5 19. Qe1 Rcd8 20. Qh4 Rh5 21. Qg3 Qxg3 22. Nxg3 Rhd5 23. Rfe1 e5 24. Nde2 Rd2 25. Rab1 Nd3 26. Kg1 Nxe1 0-1

[Event "Recco op 2nd"]
[Site "Recco"]
[Date "2008.11.29"]
[Round "2"]
[White "Neuhold, Piero"]
[Black "Gandolfi, Gianfranco"]
[Result "1/2-1/2"]
[WhiteElo "1500"]
[BlackElo "1837"]
[PlyCount "82"]
[EventDate "2008.11.28"]
[EventType "swiss"]
[EventRounds "5"]
[EventCountry "ITA"]
[SourceTitle "EXT 2011"]
[Source "ChessBase"]
[SourceDate "2010.11.26"]
[SourceVersion "1"]
[SourceVersionDate "2010.11.26"]
[SourceQuality "1"]

1. d4 Nf6 2. c4 e6 3. Nc3 c5 4. e3 d5 5. Nf3 Nc6 6. Be2 Be7 7. 0-0 0-0 8. dxc5 dxc4 9. Bxc4 Bxc5 10. a3 Qxd1 11. Rxd1 Bd7 12. b4 Be7 13. Bb2 Rfd8 14. Bd3 Rac8 15. Ne4 Nxe4 16. Bxe4 a6 17. Ne5 Nxe5 18. Bxe5 Bc6 19. Rxd8+ Bxd8 20. Bxc6 Rxc6 21. Rd1 Be7 22. Kf1 f6 23. Rd7 Kf8 24. Bd4 b5 25. Ra7 e5 26. Bc5 Bxc5 27. bxc5 Rxc5 28. Rxa6 Kf7 29. Ke2 e4 30. Kd2 Rf5 31. Ke2 g5 32. Ra5 Kg6 33. a4 bxa4 34. Rxa4 Rb5 35. Rxe4 h5 36. Rd4 g4 37. g3 Rb1 38. Rd1 Rb2+ 39. Rd2 Rb1 40. Rd1 Rb2+ 41. Rd2 Rb1 1/2-1/2

[Event "Recco op 2nd"]
[Site "Recco"]
[Date "2008.11.28"]
[Round "1"]
[White "Gandolfi, Gianfranco"]
[Black "Manfredi, Vincenzo"]
[Result "0-1"]
[WhiteElo "1837"]
[BlackElo "2206"]
[PlyCount "86"]
[EventDate "2008.11.28"]
[EventType "swiss"]
[EventRounds "5"]
[EventCountry "ITA"]
[SourceTitle "EXT 2011"]
[Source "ChessBase"]
[SourceDate "2010.11.26"]
[SourceVersion "1"]
[SourceVersionDate "2010.11.26"]
[SourceQuality "1"]

1. e4 c5 2. Nf3 Nc6 3. d4 cxd4 4. Nxd4 e6 5. Be3 a6 6. Bd3 Nf6 7. 0-0 Qc7 8. Nxc6 Qxc6 9. Nc3 Ba3 10. bxa3 Qxc3 11. f4 Nxe4 12. Qg4 d5 13. Rae1 f5 14. Qh5+ g6 15. Qh6 Kf7 16. Bxe4 dxe4 17. Bb6 Re8 18. Qxh7+ Qg7 19. Qh3 Bd7 20. Qe3 Bc6 21. c4 Qh6 22. Rd1 e5 23. fxe5 Qxe3+ 24. Bxe3 Rxe5 25. Bd4 Ra5 26. Bb2 Re8 27. Rfe1 Ke6 28. Kf2 f4 29. Rd4 Kf5 30. Rd6 Re6 31. Rxe6 Kxe6 32. Rd1 e3+ 33. Kf1 Rc5 34. Rd4 Rxc4 35. Rxc4 Bb5 36. Ke2 g5 37. g3 Bxc4+ 38. Kf3 Bd5+ 39. Ke2 Kf5 40. gxf4 gxf4 41. Kd3 Bxa2 42. h3 Bc4+ 43. Kxc4 Ke4 0-1

[Event "Milan Crespi op-B 28th"]
[Site "Milan"]
[Date "2007.12.09"]
[Round "6"]
[White "Manca, Renato"]
[Black "Gandolfi, Gianfranco"]
[Result "1/2-1/2"]
[WhiteElo "1843"]
[BlackElo "1856"]
[PlyCount "113"]
[EventDate "2007.12.06"]
[EventType "swiss"]
[EventRounds "6"]
[EventCountry "ITA"]
[SourceTitle "EXT 2009"]
[Source "ChessBase"]
[SourceDate "2008.11.26"]
[SourceVersion "1"]
[SourceVersionDate "2008.11.26"]
[SourceQuality "1"]

1. d4 c5 2. e4 cxd4 3. c3 d5 4. Qxd4 dxe4 5. Qxe4 Nf6 6. Bb5+ Nbd7 7. Qa4 e6 8. Bg5 Be7 9. Nf3 0-0 10. 0-0 Nc5 11. Qc2 a6 12. Be2 Qc7 13. Nbd2 b5 14. Rad1 Bb7 15. Bxf6 Bxf6 16. h4 Qc6 17. h5 h6 18. Rfe1 Rac8 19. Nb3 Nxb3 20. axb3 Qc5 21. Nh2 Qg5 22. Ng4 Rfd8 23. Nxf6+ gxf6 24. g3 f5 25. Kh2 e5 26. Rxd8+ Rxd8 27. Rd1 Rxd1 28. Qxd1 f4 29. Qd6 f3 30. Bf1 Qxh5+ 31. Kg1 Kg7 32. Qe7 Bc8 33. Qh4 Qxh4 34. gxh4 f5 35. c4 bxc4 36. bxc4 a5 37. c5 Bb7 38. Bb5 Kf6 39. Bd7 Ke7 40. Bxf5 Bc6 41. Kh2 Kf6 42. Bg4 e4 43. Kg3 Ke5 44. Bh5 Kd5 45. Kf4 Kxc5 46. Ke3 Kb4 47. Bf7 a4 48. h5 a3 49. bxa3+ Kxa3 50. Bg6 Kb4 51. Bxe4 Be8 52. Bxf3 Kc5 53. Kf4 Kd6 54. Kf5 Ke7 55. Be4 Bxh5 56. Bc2 Kd6 57. Ba4 1/2-1/2

[Event "EU Union-ch"]
[Site "Liverpool"]
[Date "2006.09.15"]
[Round "10"]
[White "Peacock, Malcolm R"]
[Black "Gandolfi, Gianfranco"]
[Result "1-0"]
[WhiteElo "2079"]
[BlackElo "1882"]
[PlyCount "115"]
[EventDate "2006.09.06"]
[EventType "swiss"]
[EventRounds "10"]
[EventCountry "ENG"]
[SourceTitle "CBM 114 Extra"]
[Source "ChessBase"]
[SourceDate "2006.11.03"]
[SourceVersion "1"]
[SourceVersionDate "2006.11.03"]
[SourceQuality "1"]

1. c4 e6 2. Nf3 d5 3. b3 Nf6 4. Bb2 Be7 5. g3 dxc4 6. bxc4 c5 7. Bg2 Nc6 8. 0-0 0-0 9. d3 Qb6 10. Bc3 Bd7 11. Na3 a6 12. Rb1 Qc7 13. Qb3 Rab8 14. Qb2 Ne8 15. Ne5 Nxe5 16. Bxe5 Bd6 17. Bxd6 Nxd6 18. Qb6 Rfc8 19. Rb2 Qxb6 20. Rxb6 Bc6 21. Rfb1 Bxg2 22. Kxg2 Rd8 23. R1b2 Kf8 24. Nb1 Rd7 25. Rxa6 b5 26. cxb5 Rxb5 27. Rxd6 Rxb2 28. Rxd7 Rxb1 29. Ra7 Rb4 30. a4 c4 31. dxc4 Rxc4 32. a5 Ra4 33. a6 g6 34. h4 Kg7 35. Ra8 h5 36. Kf3 Kf6 37. Ke3 Ke5 38. Kd3 Ra3+ 39. Kc4 Ra2 40. Kb5 Rxe2 41. Rc8 Rb2+ 42. Kc6 Ra2 43. Kb7 Rb2+ 44. Ka7 Rxf2 45. Rc7 Kd6 46. Kb8 Ra2 47. a7 f6 48. Rb7 g5 49. a8Q Rxa8+ 50. Kxa8 gxh4 51. gxh4 e5 52. Rh7 e4 53. Rxh5 Ke6 54. Rh8 Kf7 55. h5 f5 56. h6 e3 57. h7 e2 58. Re8 1-0

[Event "Bresso op 5th"]
[Site "Bresso"]
[Date "2006.06.16"]
[Round "2"]
[White "Barberi, Alessandro"]
[Black "Gandolfi, Gianfranco"]
[Result "1-0"]
[WhiteElo "2153"]
[BlackElo "1875"]
[PlyCount "63"]
[EventDate "2006.06.15"]
[EventType "swiss"]
[EventRounds "6"]
[EventCountry "ITA"]
[SourceTitle "CBM 112 Extra"]
[Source "ChessBase"]
[SourceDate "2006.07.14"]
[SourceVersion "1"]
[SourceVersionDate "2006.07.14"]
[SourceQuality "1"]

1. d4 Nf6 2. c4 e6 3. Nf3 c5 4. e3 d5 5. cxd5 exd5 6. Be2 Nc6 7. 0-0 c4 8. b3 cxb3 9. Qxb3 Be7 10. Nc3 0-0 11. Ne5 Na5 12. Qa4 a6 13. Ba3 Bxa3 14. Qxa3 b5 15. Qb4 Be6 16. a4 Nc4 17. axb5 axb5 18. Nxb5 Qb6 19. Rxa8 Rxa8 20. Nxc4 dxc4 21. Bxc4 Nd5 22. Qd6 Qxd6 23. Nxd6 Rd8 24. Nb7 Rb8 25. Ra1 g6 26. Nc5 Nc7 27. Nxe6 Nxe6 28. g3 Ng5 29. Kg2 Rc8 30. Bd5 h5 31. h4 Nh7 32. Ra7 1-0

[Event "Lodi op"]
[Site "Lodi"]
[Date "2006.06.05"]
[Round "1"]
[White "Gandolfi, Gianfranco"]
[Black "Philippe, Christophe"]
[Result "0-1"]
[WhiteElo "1875"]
[BlackElo "2399"]
[PlyCount "76"]
[EventDate "2006.06.05"]
[EventType "swiss"]
[EventRounds "9"]
[EventCountry "ITA"]
[SourceTitle "CBM 112 Extra"]
[Source "ChessBase"]
[SourceDate "2006.07.14"]
[SourceVersion "1"]
[SourceVersionDate "2006.07.14"]
[SourceQuality "1"]

1. e4 Nf6 2. Nc3 d5 3. e5 Nfd7 4. d4 c5 5. dxc5 e6 6. Nf3 Nc6 7. Bf4 Bxc5 8. Bd3 h6 9. Qe2 g5 10. Bg3 Qa5 11. 0-0 Nb4 12. a3 Nxd3 13. cxd3 Be7 14. Nd4 h5 15. h3 h4 16. Bh2 a6 17. b4 Qb6 18. Nb3 Nb8 19. Kh1 Bd7 20. f4 Nc6 21. fxg5 Bxg5 22. Nc5 0-0-0 23. Rxf7 Ne7 24. Nxd7 Rxd7 25. Raf1 Qc6 26. Nd1 Rg8 27. Rf8+ Rxf8 28. Rxf8+ Rd8 29. Rxd8+ Kxd8 30. Qb2 Nf5 31. Qc3 Kd7 32. Qxc6+ Kxc6 33. Nc3 Bc1 34. Nb1 d4 35. Kg1 Kb5 36. Kf2 Ka4 37. Kf3 Kb3 38. Bf4 Kc2 0-1

[Event "Milan Crespi op 26th"]
[Site "Milan"]
[Date "2005.12.08"]
[Round "3"]
[White "Cavatorta, Fosco"]
[Black "Gandolfi, Gianfranco"]
[Result "1-0"]
[WhiteElo "1984"]
[BlackElo "1901"]
[PlyCount "85"]
[EventDate "2005.12.07"]
[EventType "swiss"]
[EventRounds "7"]
[EventCountry "ITA"]
[SourceTitle "EXT 2007"]
[Source "ChessBase"]
[SourceDate "2006.11.23"]
[SourceVersion "1"]
[SourceVersionDate "2006.11.23"]
[SourceQuality "1"]

1. Nf3 d5 2. g3 Nf6 3. Bg2 c5 4. 0-0 Nc6 5. d3 e5 6. Bg5 Be7 7. Nfd2 Be6 8. Nc3 0-0 9. e4 d4 10. Bxf6 Bxf6 11. Nd5 Be7 12. a4 f5 13. Nxe7+ Qxe7 14. exf5 Rxf5 15. Ne4 Raf8 16. Bh3 Rf3 17. Bxe6+ Qxe6 18. Ng5 Qd5 19. Nxf3 Rxf3 20. Qe2 Rf8 21. Rfe1 b6 22. Qe4 Qd6 23. Re2 Nb4 24. Rc1 Nc6 25. Rf1 a6 26. f4 exf4 27. Qe6+ Qxe6 28. Rxe6 Nb4 29. Rxb6 Nxc2 30. Rxf4 Rxf4 31. gxf4 Nb4 32. Kg2 Nxd3 33. Kf3 Nb4 34. Rxb4 cxb4 35. Ke4 Kf7 36. Kxd4 Kf6 37. Kc5 Kf5 38. Kb6 Kxf4 39. Kxa6 g5 40. Kb5 g4 41. a5 h5 42. a6 h4 43. a7 1-0

[Event "Milan Crespi op 26th"]
[Site "Milan"]
[Date "2005.12.07"]
[Round "1"]
[White "Nannelli, Paolo"]
[Black "Gandolfi, Gianfranco"]
[Result "1-0"]
[WhiteElo "2172"]
[BlackElo "1901"]
[PlyCount "55"]
[EventDate "2005.12.07"]
[EventType "swiss"]
[EventRounds "7"]
[EventCountry "ITA"]
[SourceTitle "EXT 2007"]
[Source "ChessBase"]
[SourceDate "2006.11.23"]
[SourceVersion "1"]
[SourceVersionDate "2006.11.23"]
[SourceQuality "1"]

1. d4 c5 2. d5 Nf6 3. c4 e6 4. Nc3 exd5 5. cxd5 d6 6. Nf3 g6 7. Bg5 Bg7 8. Nd2 h6 9. Bh4 g5 10. Bg3 Nh5 11. Qa4+ Kf8 12. e4 a6 13. Be2 Nxg3 14. hxg3 Nd7 15. Qc2 b5 16. a4 b4 17. Nd1 Ne5 18. Ne3 Qf6 19. Rc1 Ra7 20. 0-0 g4 21. Ndc4 Nxc4 22. Nxc4 a5 23. e5 dxe5 24. Ne3 Rc7 25. Rfd1 c4 26. d6 Rd7 27. Qxc4 Bb7 28. Qb5 1-0

[Event "Cattolica op"]
[Site "Cattolica"]
[Date "2005.06.19"]
[Round "9"]
[White "Lucchi, Lorenzo"]
[Black "Gandolfi, Gianfranco"]
[Result "1-0"]
[WhiteElo "1870"]
[BlackElo "1967"]
[PlyCount "39"]
[EventDate "2005.06.11"]
[EventType "swiss"]
[EventRounds "9"]
[EventCountry "ITA"]
[SourceTitle "EXT 2007"]
[Source "ChessBase"]
[SourceDate "2006.11.23"]
[SourceVersion "1"]
[SourceVersionDate "2006.11.23"]
[SourceQuality "1"]

1. e4 e5 2. Nf3 Nc6 3. d4 exd4 4. Bc4 Nf6 5. 0-0 Nxe4 6. Re1 d5 7. Bxd5 Qxd5 8. Nc3 Qa5 9. Rxe4+ Be6 10. Ne2 0-0-0 11. Nexd4 Qd5 12. Qe2 Nxd4 13. Rxd4 Qf5 14. Rxd8+ Kxd8 15. Bg5+ Be7 16. Rd1+ Ke8 17. Qd2 Bxg5 18. Nxg5 Qf6 19. Nxe6 fxe6 20. Qd7+ 1-0